The art of ball milling with ZnO for latex technology (Record no. 70471)

MARC details
000 -LEADER
fixed length control field 00365nam a2200133Ia 4500
100 ## - MAIN ENTRY--AUTHOR NAME
Personal name Varghese S
245 #4 - TITLE STATEMENT
Title The art of ball milling with ZnO for latex technology
260 ## - PUBLICATION, DISTRIBUTION, ETC. (IMPRINT)
Name of publisher Rubber Asia: Margma Special 2014
Year of publication 2014
300 ## - PHYSICAL DESCRIPTION
Number of Pages 136-140
650 ## - SUBJECT ADDED ENTRY--TOPICAL TERM
Topical Term Ball milling
650 ## - SUBJECT ADDED ENTRY--TOPICAL TERM
Topical Term Latex technology
942 ## - ADDED ENTRY ELEMENTS (KOHA)
Koha item type Journals
Holdings
Withdrawn status Lost status Damaged status Not for loan Home library Current library Shelving location Date acquired Serial Enumeration / chronology Koha item type
      Journals RRII Library RRII Library Rubber technology 22/10/2014 Volume, Issue Sept Journals